000 01194nam a22003857a 4500
003 CHAP
005 20220817044118.0
008 060718d2005 it rn 00110 eng d
010 _a92447
011 _a93419
020 _a9251053871
035 _a103993
040 _cCHAP
082 0 4 _a630
_bF3 v.161
110 2 _aFAO
245 1 0 _aRural-urban marketing linkages :
_ban infrastructure identification and survey guide
_c/by John Tracey-White
260 _aRome :
_bFAO,
_c2005.
300 _a96 p.
410 2 0 _aFAO
490 0 _aFAO. Servicios agrícolas
_v; 161
590 _aBATCH-UPD
_b10
_c20130110
_lUCH01
_h0204
590 _aBATCH-UPD
_b10
_c20130110
_lUCH01
_h1627
590 _aBATCH-UPD
_b10
_c20130410
_lUCH01
_h1020
590 _aBATCH-UPD
_b10
_c20130913
_lUCH01
_h2158
590 _aCONVERSION
_b10
_c20130109
_lUCH01
_h1351
650 1 4 _aAgricultura urbana.
_92030
650 1 4 _aProductos agrícolas
_xMercadeo.
_991951
700 0 _aTracey-White, J. D.
_9114570
810 0 _aFAO
830 0 0 _aFAO. Servicios agrícolas
_v; 161
_939697
901 _aBK
905 _aLilia
942 _cLIBRO
949 _a630 F3 v.161
_bBC
_cFAO
_d33724000990537
_eFAO1
_h108073
_i103993
_sb
999 _c92447
_d92447